000 00641cam a2200217 4500
008 090401t1988 xxu||||| |||| 00| 0 eng d
020 _a010545088X
035 _a(Sirsi) u46248
041 0 _aeng
110 1 _aUnited Kingdom
_kLaws, etc
_95044
245 0 0 _aHousing Act 1988
260 _aLondon
_bHMSO
_c1988
300 _a199p
_c30cm
350 _a11.80
650 2 4 _aHOUSING ACT 1988
651 4 _aEngland and Wales
_y1543-
690 _aLandlord and tenant
_96252
856 4 1 _uhttps://www.opsi.gov.uk/acts/acts1988/Ukpga_19880050_en_1.htm
_zView the Act free of charge at www.opsi.gov.uk...
942 _n0
948 _c04/03/1997
999 _c91897
_d91897